[Event "OLOB 1920 SV Empor Erfurt - SV Grieshei"]
[Site "?"]
[Date "2019.11.17"]
[Round "3.2"]
[White "Langheinrich, Ferenc"]
[Black "Grabarczyk, Miroslaw"]
[Result "1/2-1/2"]
[WhiteElo "2378"]
[BlackElo "2370"]
[PlyCount "28"]
[EventDate "2019.??.??"]

1. d4 d5 2. c4 e6 3. Nc3 Nf6 4. cxd5 exd5 5. Bg5 c6 6. e3 Bf5 7. Qf3 Bg6 8.
Bxf6 Qxf6 9. Qxf6 gxf6 10. Nf3 Nd7 11. Nh4 Be7 12. g3 f5 13. f3 Nf8 14. Kf2 Ne6
1/2-1/2

[Event "OLOB 1920 SV Empor Erfurt - SV Grieshei"]
[Site "?"]
[Date "2019.11.17"]
[Round "3.3"]
[White "Braun, Vitali"]
[Black "Michalowski, Peter"]
[Result "1/2-1/2"]
[WhiteElo "2372"]
[BlackElo "2097"]
[PlyCount "126"]
[EventDate "2019.??.??"]

1. d4 Nf6 2. c4 e6 3. Nc3 Bb4 4. Qc2 O-O 5. Nf3 c5 6. dxc5 Na6 7. g3 Nxc5 8.
Bg2 Nce4 9. O-O Nxc3 10. bxc3 Be7 11. e4 d6 12. e5 dxe5 13. Nxe5 Qa5 14. Re1
Nd7 15. Bf4 Bf6 16. Qe2 Qxc3 17. Rac1 Qa5 18. Nxd7 Bxd7 19. Bxb7 Rad8 20. c5
Bb5 21. Qc2 Ba4 22. Qc4 Bb5 23. Qb3 Rd3 24. Qb1 Bc3 25. Be4 Rfd8 26. Red1 Rxd1+
27. Rxd1 e5 28. Rxd8+ Qxd8 29. Bxh7+ Kh8 30. Be3 Bd4 31. Bxd4 Qxd4 32. Qxb5
Kxh7 33. c6 Qd6 34. Qc4 Qc7 35. Qd5 Qb6 36. Qc4 Qc7 37. Qd3+ Kg8 38. Qd7 Qb6
39. c7 Qb1+ 40. Kg2 Qe4+ 41. Kh3 Qh7+ 42. Kg4 Qe4+ 43. f4 Qg6+ 44. Kf3 Qh5+ 45.
Ke3 exf4+ 46. gxf4 Qc5+ 47. Kd3 Qa3+ 48. Ke4 Qb4+ 49. Kf3 Qc3+ 50. Kg4 f5+ 51.
Qxf5 Qxc7 52. Qd5+ Kh8 53. h4 Qb6 54. a4 Qg6+ 55. Kf3 Qg1 56. Qd8+ Kh7 57. Qd3+
Kh8 58. h5 Qh1+ 59. Kg4 Qg1+ 60. Kh4 Qh2+ 61. Kg4 Qg1+ 62. Kf5 Qc5+ 63. Kg4
Qg1+ 1/2-1/2

[Event "OLOB 1920 SV Empor Erfurt - SV Grieshei"]
[Site "?"]
[Date "2019.11.17"]
[Round "3.4"]
[White "Reucker, Friedrich"]
[Black "De Visser, Leon"]
[Result "1/2-1/2"]
[WhiteElo "1921"]
[BlackElo "2230"]
[PlyCount "45"]
[EventDate "2019.??.??"]

1. Nf3 d5 2. c4 c6 3. e3 Nf6 4. b3 Bg4 5. Bb2 e6 6. Be2 Nbd7 7. h3 Bh5 8. O-O
Be7 9. Nc3 O-O 10. Rc1 a5 11. d4 Qb8 12. Ne5 Bxe2 13. Nxe2 a4 14. cxd5 exd5 15.
bxa4 Nb6 16. Nc3 Bd6 17. Qb3 Qa7 18. Ba3 Bxa3 19. Qxa3 Nxa4 20. Qxa4 Qxa4 21.
Nxa4 Rxa4 22. Rb1 Ra7 23. Rb6 1/2-1/2

[Event "OLOB 1920 SV Empor Erfurt - SV Grieshei"]
[Site "?"]
[Date "2019.11.17"]
[Round "3.5"]
[White "Koehler, Ronald"]
[Black "Heinke, Jasper"]
[Result "1/2-1/2"]
[WhiteElo "2246"]
[BlackElo "2047"]
[PlyCount "33"]
[EventDate "2019.??.??"]

1. d4 Nf6 2. c4 e6 3. Nf3 d5 4. Nc3 dxc4 5. e4 Bb4 6. Bg5 c5 7. Bxc4 cxd4 8.
Nxd4 Bxc3+ 9. bxc3 Qa5 10. Bxf6 Qxc3+ 11. Kf1 gxf6 12. Rc1 Qa5 13. Bb5+ Ke7 14.
e5 fxe5 15. Qh5 Nd7 16. Qg5+ Kf8 17. Nxe6+ 1/2-1/2

[Event "OLOB 1920 SV Empor Erfurt - SV Grieshei"]
[Site "?"]
[Date "2019.11.17"]
[Round "3.6"]
[White "Schmuck, Helmut"]
[Black "Flach, Erich"]
[Result "0-1"]
[WhiteElo "2107"]
[BlackElo "2066"]
[PlyCount "94"]
[EventDate "2019.??.??"]

1. d4 Nf6 2. c4 c5 3. d5 e6 4. Nc3 exd5 5. cxd5 d6 6. e4 g6 7. Bd3 Bg7 8. Nge2
O-O 9. O-O Re8 10. Ng3 a6 11. a4 Qc7 12. h3 Nbd7 13. Bg5 Rb8 14. Qd2 c4 15. Bc2
b5 16. axb5 axb5 17. Rae1 Nc5 18. f4 b4 19. Nd1 Ba6 20. Rf3 Nfd7 21. e5 dxe5
22. f5 Qb6 23. Kh1 e4 24. Nxe4 Nxe4 25. Bxe4 Ne5 26. Rf2 c3 27. bxc3 Nc4 28.
Qf4 bxc3 29. fxg6 fxg6 30. Qf7+ Kh8 31. Bf6 Bxf6 32. Qxf6+ Qxf6 33. Rxf6 Rxe4
34. Rxe4 c2 35. Nf2 c1=Q+ 36. Kh2 Qa3 37. Ree6 Bb5 38. d6 Rd8 39. Ne4 Bc6 40.
Ng5 Nxd6 41. Re7 Qd3 42. Rxh7+ Kg8 43. Rc7 Bxg2 44. h4 Be4 45. Nh7 Qd2+ 46. Kg3
Nf5+ 47. Rxf5 Rd3+ 0-1

[Event "OLOB 1920 SV Empor Erfurt - SV Grieshei"]
[Site "?"]
[Date "2019.11.17"]
[Round "3.7"]
[White "Spitzl, Vinzent"]
[Black "Bergmann, Harald"]
[Result "1-0"]
[WhiteElo "2307"]
[BlackElo "1769"]
[PlyCount "31"]
[EventDate "2019.??.??"]

1. e4 e5 2. Nf3 Nf6 3. Nxe5 d6 4. Nf3 Nxe4 5. Nc3 Nxc3 6. dxc3 Be7 7. Be3 Nc6
8. Qd2 Bg4 9. h3 Bxf3 10. gxf3 Ne5 11. O-O-O Qd7 12. f4 Qc6 13. fxe5 dxe5 14.
Qd5 O-O 15. Qxc6 bxc6 16. Bg2 1-0

[Event "OLOB 1920 SV Empor Erfurt - SV Grieshei"]
[Site "?"]
[Date "2019.11.17"]
[Round "3.8"]
[White "Reuter, Elisa"]
[Black "Nothnagel, Holger"]
[Result "0-1"]
[WhiteElo "1841"]
[BlackElo "2305"]
[PlyCount "106"]
[EventDate "2019.??.??"]

1. e4 e6 2. d4 d5 3. Nc3 Bb4 4. e5 Ne7 5. a3 Bxc3+ 6. bxc3 c5 7. Qg4 Kf8 8. Bd3
Qc7 9. Bd2 b6 10. Nf3 Ba6 11. O-O Bxd3 12. cxd3 c4 13. dxc4 Qxc4 14. Qf4 h6 15.
h4 Nbc6 16. Rfb1 Rc8 17. h5 Na5 18. Rb4 Qd3 19. Be1 Rg8 20. Rbb1 Ke8 21. Rd1
Qf5 22. Qxf5 Nxf5 23. Ra2 Kd7 24. Kf1 g6 25. hxg6 Rxg6 26. g3 h5 27. Ke2 Rg4
28. Kf1 Nc4 29. Rb1 Rcg8 30. Ke2 h4 31. gxh4 Nxh4 32. Nxh4 Rxh4 33. Rc1 Rg5 34.
Rcc2 Rf5 35. Rc1 Rh3 36. Rcc2 Rf4 37. Bd2 Nxd2 38. Kxd2 Rxf2+ 39. Kc1 Rf1+ 40.
Kb2 Rhh1 41. Rg2 Rb1+ 42. Kc2 Rhc1+ 43. Kd3 Rb3 44. Rgc2 Rh1 45. Kd2 Rh3 46.
Ra1 Rf3 47. Raa2 Kc6 48. a4 a5 49. Ra1 b5 50. axb5+ Kxb5 51. Rh1 Kc4 52. Rh8
Rf2+ 53. Kd1 Rb1+ 0-1

[Event "OLOB 1920 SK 1980 Gernsheim - SV 1861 L"]
[Site "?"]
[Date "2019.11.17"]
[Round "3.1"]
[White "Gerhardt, Frank"]
[Black "Mazurek, Robert"]
[Result "1-0"]
[WhiteElo "2181"]
[BlackElo "2174"]
[PlyCount "85"]
[EventDate "2019.??.??"]

1. e4 e5 2. Nf3 Nc6 3. Bb5 Nge7 4. c3 a6 5. Ba4 g6 6. d4 b5 7. Bb3 Bg7 8. dxe5
Nxe5 9. Nxe5 Bxe5 10. Bh6 Nc6 11. Qd5 Qh4 12. Qxf7+ Kd8 13. Be3 Qxe4 14. Nd2
Qf5 15. Qxf5 gxf5 16. Bg5+ Ne7 17. Nf3 Bg7 18. O-O-O h6 19. Bh4 Rf8 20. Nd4 Ke8
21. Rhe1 Bf6 22. Nxf5 Bxh4 23. Nxh4 Rf6 24. Re2 Kf8 25. Rde1 Re6 26. Bxe6 dxe6
27. f4 Nd5 28. g3 Kf7 29. Nf3 c5 30. Ne5+ Kg7 31. Nd3 c4 32. Nc5 b4 33. Kc2
bxc3 34. bxc3 Kf6 35. Nxe6 Bd7 36. Re5 Nb6 37. Nc7 Rd8 38. Re6+ Kf5 39. Rxb6
Ba4+ 40. Kc1 Rd3 41. Rxa6 Rxc3+ 42. Kb2 Rc2+ 43. Kb1 1-0

[Event "OLOB 1920 SK 1980 Gernsheim - SV 1861 L"]
[Site "?"]
[Date "2019.11.17"]
[Round "3.2"]
[White "Dietz, Holger"]
[Black "Hermannsdoerfer, Frank"]
[Result "0-1"]
[WhiteElo "2316"]
[BlackElo "2147"]
[PlyCount "92"]
[EventDate "2019.??.??"]

1. e4 d6 2. d4 Nf6 3. f3 e5 4. d5 Be7 5. Be3 c5 6. Qd2 Na6 7. Bb5+ Bd7 8. a4
Nc7 9. Bxd7+ Qxd7 10. Ne2 h5 11. O-O b5 12. axb5 Nxb5 13. c3 O-O 14. Qd3 Nc7
15. Nd2 a5 16. Ra2 Rfb8 17. Rfa1 a4 18. Nc1 Nh7 19. Qc2 Bg5 20. Bxg5 Nxg5 21.
Nd3 f5 22. Rxa4 fxe4 23. Rxa8 Nxa8 24. Nxe4 Nxe4 25. fxe4 Qg4 26. Nf2 Qg5 27.
Qe2 Nc7 28. Rb1 Nb5 29. Rf1 Nc7 30. Nd1 Rf8 31. Rxf8+ Kxf8 32. Qe3 Qg6 33. Qf3+
Kg8 34. Ne3 Qg5 35. Qg3 Qh6 36. h4 Ne8 37. Kh2 Nf6 38. Nf5 Qh7 39. Nxd6 Ng4+
40. Kh3 Qh6 41. Qf3 Qxd6 42. Qf5 g6 43. Qc8+ Kg7 44. Qb7+ Kh6 45. Qc6 Qf8 46.
d6 Qf4 0-1

[Event "OLOB 1920 SK 1980 Gernsheim - SV 1861 L"]
[Site "?"]
[Date "2019.11.17"]
[Round "3.3"]
[White "Franke, Luca"]
[Black "Mueller, Maximilian"]
[Result "0-1"]
[WhiteElo "1886"]
[BlackElo "2311"]
[PlyCount "56"]
[EventDate "2019.??.??"]

1. d4 d5 2. c4 dxc4 3. e3 Nf6 4. Bxc4 a6 5. a4 e6 6. Nc3 c5 7. Nf3 Nc6 8. O-O
Be7 9. dxc5 Qxd1 10. Rxd1 Bxc5 11. h3 Be7 12. e4 Nd7 13. Bf4 Nc5 14. Ne5 Nb4
15. Rd2 b6 16. Rad1 O-O 17. Be3 Bf6 18. Ng4 Be7 19. Ne5 Re8 20. Bxc5 bxc5 21.
Nd7 Bb7 22. f4 Nc6 23. f5 exf5 24. exf5 Bg5 25. Re2 Rxe2 26. Nxe2 Rd8 27. Bb3
c4 28. Bc2 Nb4 0-1

[Event "OLOB 1920 SK 1980 Gernsheim - SV 1861 L"]
[Site "?"]
[Date "2019.11.17"]
[Round "3.4"]
[White "Di Capua, Francesco Stefano"]
[Black "Kitzig, Tobias"]
[Result "1-0"]
[WhiteElo "1938"]
[BlackElo "1474"]
[PlyCount "43"]
[EventDate "2019.??.??"]

1. e4 e5 2. Nf3 Nf6 3. Nc3 Nc6 4. a3 a6 5. d4 exd4 6. Nxd4 Bc5 7. Nxc6 dxc6 8.
Qxd8+ Kxd8 9. Bg5 h6 10. Bh4 g5 11. O-O-O+ Bd7 12. Bg3 Re8 13. e5 Nh5 14. Ne4
Bf8 15. Bc4 Nxg3 16. hxg3 Rxe5 17. Nf6 Re7 18. Ng8 a5 19. Nxe7 Kxe7 20. Bxf7
Rd8 21. Bh5 Be8 22. Rhe1+ 1-0

[Event "OLOB 1920 SK 1980 Gernsheim - SV 1861 L"]
[Site "?"]
[Date "2019.11.17"]
[Round "3.6"]
[White "Peterson, Emery"]
[Black "Zeidler, Andreas"]
[Result "1/2-1/2"]
[WhiteElo "2149"]
[BlackElo "2167"]
[PlyCount "42"]
[EventDate "2019.??.??"]

1. d4 d5 2. e3 Bf5 3. Bd3 Bxd3 4. Qxd3 c6 5. Nf3 Nf6 6. O-O Nbd7 7. Nbd2 e6 8.
Ne5 Nxe5 9. dxe5 Nd7 10. f4 Be7 11. Qe2 O-O 12. e4 dxe4 13. Nxe4 Nc5 14. Rd1
Qa5 15. a3 Nxe4 16. Qxe4 Bc5+ 17. Be3 Rfd8 18. b4 Bxe3+ 19. Qxe3 Qb6 20. Kf2
Kf8 21. c4 Qxe3+ 1/2-1/2

[Event "OLOB 1920 SK 1980 Gernsheim - SV 1861 L"]
[Site "?"]
[Date "2019.11.17"]
[Round "3.7"]
[White "Kastner, Peter"]
[Black "Nies, Peter"]
[Result "1/2-1/2"]
[WhiteElo "2141"]
[BlackElo "2053"]
[PlyCount "22"]
[EventDate "2019.??.??"]

1. e4 e6 2. d4 d5 3. Nc3 Nf6 4. Bg5 dxe4 5. Nxe4 Be7 6. Bxf6 Bxf6 7. Nf3 b6 8.
Bd3 Bb7 9. O-O O-O 10. c3 Nd7 11. Qe2 Qe7 1/2-1/2

[Event "OLOB 1920 SK 1980 Gernsheim - SV 1861 L"]
[Site "?"]
[Date "2019.11.17"]
[Round "3.8"]
[White "Rolf, Marco"]
[Black "Birke, Andreas"]
[Result "1-0"]
[WhiteElo "2111"]
[BlackElo "2206"]
[PlyCount "69"]
[EventDate "2019.??.??"]

1. d4 Nf6 2. c4 e6 3. Nc3 d5 4. cxd5 exd5 5. Bg5 c6 6. e3 Bd6 7. Bd3 h6 8. Bh4
O-O 9. Qc2 a5 10. Nf3 Re8 11. O-O Be6 12. Ne5 Be7 13. Rae1 Nfd7 14. Bxe7 Qxe7
15. f4 Nxe5 16. fxe5 Nd7 17. Ne2 Rec8 18. Ng3 c5 19. Qf2 c4 20. Bb1 Nf8 21. Nh5
Qg5 22. Nf4 Rc7 23. h4 Qd8 24. Qg3 b5 25. Nh5 g6 26. Rf6 Ra6 27. Ref1 Bc8 28.
Rxa6 Bxa6 29. e6 Bc8 30. exf7+ Rxf7 31. Bxg6 Rxf1+ 32. Kxf1 Ne6 33. Bf5+ Kf7
34. Qg6+ Ke7 35. Qf6+ 1-0

[Event "OLOB 1920 FB Mörlenbach-Birkenau - SV M"]
[Site "?"]
[Date "2019.11.17"]
[Round "3.1"]
[White "Jakob, Matthias"]
[Black "Kunin, Vitaly"]
[Result "0-1"]
[WhiteElo "2109"]
[BlackElo "2549"]
[PlyCount "48"]
[EventDate "2019.??.??"]

1. d4 Nf6 2. Nc3 d6 3. Nf3 Nbd7 4. e4 e5 5. Be2 c6 6. h3 b5 7. a3 a6 8. Be3 Be7
9. Qd2 O-O 10. g4 g6 11. g5 Nh5 12. d5 c5 13. h4 Nb6 14. b3 f5 15. gxf6 Bxf6
16. Bh6 Bg7 17. Bxg7 Kxg7 18. O-O-O b4 19. Nb1 a5 20. Rdg1 Qf6 21. Ng5 Nf4 22.
Bg4 Kh8 23. f3 a4 24. h5 Qxg5 0-1

[Event "OLOB 1920 FB Mörlenbach-Birkenau - SV M"]
[Site "?"]
[Date "2019.11.17"]
[Round "3.2"]
[White "Galdunts, Sergey"]
[Black "Nguyen, Huy Dat"]
[Result "1-0"]
[WhiteElo "2411"]
[BlackElo "2178"]
[PlyCount "83"]
[EventDate "2019.??.??"]

1. e4 c5 2. Nf3 Nc6 3. Bb5 g6 4. Bxc6 bxc6 5. O-O Bg7 6. Re1 Nf6 7. e5 Nd5 8.
c4 Nc7 9. d4 cxd4 10. Qxd4 O-O 11. Qh4 Ne6 12. Nc3 d5 13. Bh6 Bb7 14. Rad1 Re8
15. Ne4 Bxh6 16. Qxh6 dxe4 17. Rxd8 Raxd8 18. Ng5 Nxg5 19. Qxg5 c5 20. h4 Kg7
21. e6 f5 22. h5 Rd6 23. h6+ Kg8 24. Qe3 Rxe6 25. Qxc5 g5 26. Qxf5 Rxh6 27. Qd7
Bc6 28. Qxa7 Kf7 29. b4 Ra8 30. Qe3 Rxa2 31. b5 Ba8 32. c5 Rb2 33. Qxg5 e3 34.
Qxe3 Rf6 35. Qxe7+ Kg6 36. Qe8+ Kh6 37. Qxa8 Rbxf2 38. b6 R2f5 39. b7 Rg6 40.
b8=Q Rg8 41. Qxg8 Re5 42. Qaf8+ 1-0

[Event "OLOB 1920 FB Mörlenbach-Birkenau - SV M"]
[Site "?"]
[Date "2019.11.17"]
[Round "3.3"]
[White "Wehner, Janis"]
[Black "Legde, Georg"]
[Result "1/2-1/2"]
[WhiteElo "2118"]
[BlackElo "2322"]
[PlyCount "58"]
[EventDate "2019.??.??"]

1. e4 c5 2. Nf3 e6 3. d4 cxd4 4. Nxd4 a6 5. Nc3 b5 6. g3 Bb7 7. Bg2 Nf6 8. a3
d6 9. O-O Nbd7 10. Qe2 Qc7 11. Be3 Nc5 12. Bg5 Be7 13. Rad1 O-O 14. Rfe1 Rfd8
15. f4 h6 16. Bh4 Rac8 17. e5 dxe5 18. fxe5 Nh7 19. Bxe7 Qxe7 20. b4 Qc7 21.
bxc5 Bxg2 22. Qxg2 Qxc5 23. Ne4 Qxe5 24. Qf2 Qc7 25. Rd3 Qb7 26. Nf3 Qe7 27.
Red1 Rxd3 28. Rxd3 Nf6 29. Nxf6+ Qxf6 1/2-1/2

[Event "OLOB 1920 FB Mörlenbach-Birkenau - SV M"]
[Site "?"]
[Date "2019.11.17"]
[Round "3.4"]
[White "Felgendreher, Heiko"]
[Black "Grund, Sebastian"]
[Result "1-0"]
[WhiteElo "2181"]
[BlackElo "1983"]
[PlyCount "45"]
[EventDate "2019.??.??"]

1. e4 c5 2. Nf3 Nc6 3. d4 cxd4 4. Nxd4 g6 5. Nc3 Bg7 6. Be3 Nf6 7. Bc4 Qa5 8.
O-O O-O 9. Nb3 Qc7 10. Bg5 Ne5 11. Be2 Nc4 12. Bxf6 Bxf6 13. Nd5 Qc6 14. Nxf6+
exf6 15. Qd4 b5 16. a4 Ba6 17. Nc5 Rac8 18. Nxd7 Rfd8 19. Nxf6+ Kf8 20. Nd5 f6
21. axb5 Bxb5 22. b3 Ne5 23. Qb4+ 1-0

[Event "OLOB 1920 FB Mörlenbach-Birkenau - SV M"]
[Site "?"]
[Date "2019.11.17"]
[Round "3.5"]
[White "Mueller-Ludwig, Kristin"]
[Black "Boehmer, Christian"]
[Result "0-1"]
[WhiteElo "2082"]
[BlackElo "2139"]
[PlyCount "66"]
[EventDate "2019.??.??"]

1. e4 d6 2. d4 Nf6 3. Nc3 e5 4. dxe5 dxe5 5. Qxd8+ Kxd8 6. Bc4 Be6 7. Bxe6 fxe6
8. Be3 Nbd7 9. O-O-O Bd6 10. Nf3 a6 11. h3 Ke7 12. Rhf1 b5 13. Nd2 c5 14. g4
Rhc8 15. Ne2 c4 16. g5 Nh5 17. f4 exf4 18. Nxf4 Nxf4 19. Bxf4 Bxf4 20. Rxf4 c3
21. bxc3 Rxc3 22. Rdf1 Ne5 23. Rh4 Rac8 24. Rxh7 Rxc2+ 25. Kd1 Rxa2 26. Rxg7+
Kd6 27. h4 Rh8 28. Rf4 Nd3 29. Rff7 Ne5 30. Rf4 Rd8 31. Rf6 Ng4 32. Rf4 Ne3+
33. Ke2 Nc4 0-1

[Event "OLOB 1920 FB Mörlenbach-Birkenau - SV M"]
[Site "?"]
[Date "2019.11.17"]
[Round "3.6"]
[White "Schaefer, Michael"]
[Black "Kirschbaum, Gunnar"]
[Result "1-0"]
[WhiteElo "2118"]
[BlackElo "2104"]
[PlyCount "67"]
[EventDate "2019.??.??"]

1. d4 Nf6 2. Nf3 g6 3. c4 Bg7 4. Nc3 O-O 5. Bg5 d6 6. e3 h6 7. Bh4 Nbd7 8. Be2
e5 9. Qc2 exd4 10. Nxd4 Nc5 11. O-O Ne6 12. Rad1 Nxd4 13. Rxd4 g5 14. Bg3 Nd7
15. Rd5 Nb6 16. Rd2 f5 17. f4 Qe8 18. Nb5 Qxe3+ 19. Bf2 Qe7 20. c5 dxc5 21.
Bxc5 Qf7 22. Bxf8 Bxf8 23. Nxc7 Rb8 24. Rd8 Qe7 25. Re8 Qb4 26. fxg5 hxg5 27.
Rd1 Kf7 28. Bh5+ Kg7 29. Qc3+ Qxc3 30. bxc3 Bc5+ 31. Kh1 Kf6 32. h3 g4 33. hxg4
fxg4 34. Bxg4 1-0

[Event "OLOB 1920 FB Mörlenbach-Birkenau - SV M"]
[Site "?"]
[Date "2019.11.17"]
[Round "3.7"]
[White "Reichel, Norbert"]
[Black "Wohlfart, Paulus"]
[Result "1/2-1/2"]
[WhiteElo "2105"]
[BlackElo "2096"]
[PlyCount "42"]
[EventDate "2019.??.??"]

1. c4 f5 2. d4 Nf6 3. Nf3 g6 4. g3 Bg7 5. Bg2 O-O 6. O-O d6 7. Nc3 c6 8. d5 e5
9. dxe6 Bxe6 10. b3 Na6 11. Bb2 Qe7 12. Qd2 Rad8 13. Nd4 Bf7 14. e3 Nc5 15. Qc2
Nce4 16. Rad1 d5 17. cxd5 Nxc3 18. Bxc3 Bxd5 19. Bxd5+ Rxd5 20. Ne2 Rfd8 21.
Rxd5 Nxd5 1/2-1/2

[Event "OLOB 1920 FB Mörlenbach-Birkenau - SV M"]
[Site "?"]
[Date "2019.11.17"]
[Round "3.8"]
[White "Schoebel-Kroehn, Lucas"]
[Black "Nguyen, Ha Thanh"]
[Result "1/2-1/2"]
[WhiteElo "1969"]
[BlackElo "1955"]
[PlyCount "95"]
[EventDate "2019.??.??"]

1. e4 c5 2. Nf3 Nc6 3. d4 cxd4 4. Nxd4 g6 5. c4 Bg7 6. Be3 Nf6 7. Nc3 O-O 8.
Be2 d6 9. O-O Bd7 10. Qd2 Nxd4 11. Bxd4 Bc6 12. f3 a5 13. b3 Nd7 14. Bxg7 Kxg7
15. Kh1 Nc5 16. Rae1 b6 17. Bd1 Qc7 18. f4 Rad8 19. Re3 f6 20. f5 Nd7 21. Rh3
g5 22. Qe2 Ne5 23. Qh5 Rh8 24. Qh6+ Kg8 25. Bh5 Nf7 26. Bxf7+ Kxf7 27. Re3 Qb7
28. a4 Rde8 29. Rd1 Reg8 30. Rd2 Qa7 31. Re1 Qb7 32. Qh5+ Kf8 33. Nd5 Qb8 34.
Qh6+ Kf7 35. Qh5+ Kf8 36. Rde2 Rg7 37. Qh6 Qb7 38. Nc3 Kf7 39. Nd5 Rd8 40. Qh5+
Kg8 41. Nc3 Qc7 42. Re3 Rb8 43. Qh6 Qc8 44. Ne2 Qf8 45. Nd4 Bd7 46. Rg3 Kh8 47.
Rg4 Rg8 48. Qh3 1/2-1/2

[Event "OLOB 1920 SV Griesheim - SK 1980 Gernsh"]
[Site "?"]
[Date "2019.12.07"]
[Round "4.1"]
[White "Mazurek, Robert"]
[Black "Jarmula, Lukasz"]
[Result "1/2-1/2"]
[WhiteElo "2154"]
[BlackElo "2466"]
[PlyCount "50"]
[EventDate "2019.??.??"]

1. d4 Nf6 2. c4 g6 3. Nc3 d5 4. e3 Bg7 5. Qb3 c6 6. Nf3 O-O 7. Be2 b6 8. cxd5
Nxd5 9. O-O Nxc3 10. bxc3 c5 11. dxc5 bxc5 12. Ba3 Nd7 13. Qa4 Bxc3 14. Rac1
Qa5 15. Qxa5 Bxa5 16. Bxc5 Nxc5 17. Rxc5 Bb6 18. Rcc1 Be6 19. Bc4 Bxc4 20. Rxc4
Rfd8 21. Rfc1 Rd3 22. Kf1 Ra3 23. Rc8+ Rxc8 24. Rxc8+ Kg7 25. Rc2 f6 1/2-1/2

[Event "OLOB 1920 SV Griesheim - SK 1980 Gernsh"]
[Site "?"]
[Date "2019.12.07"]
[Round "4.2"]
[White "Tazbir, Marcin"]
[Black "Dietz, Holger"]
[Result "1-0"]
[WhiteElo "2525"]
[BlackElo "2306"]
[PlyCount "83"]
[EventDate "2019.??.??"]

1. e4 c6 2. d4 d5 3. exd5 cxd5 4. Bd3 Nc6 5. c3 Qc7 6. Ne2 Bg4 7. O-O e6 8. Qe1
Bd6 9. Ng3 Nge7 10. f3 Bxg3 11. Qxg3 Qxg3 12. hxg3 Bf5 13. Be2 f6 14. g4 Bxb1
15. Rxb1 e5 16. dxe5 fxe5 17. c4 O-O-O 18. Re1 Rhe8 19. b4 e4 20. b5 Nd4 21.
Bf1 Ng6 22. Bb2 dxc4 23. Rbc1 Nxb5 24. Rxc4+ Nc7 25. Rcxe4 Rxe4 26. Rxe4 Rd2
27. Bxg7 Rxa2 28. f4 Rd2 29. f5 Rd7 30. Bd4 Ne7 31. Bxa7 Ned5 32. Bd4 Rf7 33.
Bc4 Kd7 34. Re5 Kd6 35. g5 b5 36. Bb3 Rf8 37. f6 Rf7 38. Re1 Rf8 39. Be5+ Kc6
40. Bxc7 Nxc7 41. Re7 Rh8 42. Rxh7 1-0

[Event "OLOB 1920 SV Griesheim - SK 1980 Gernsh"]
[Site "?"]
[Date "2019.12.07"]
[Round "4.3"]
[White "Hebbering, Tom Elliot"]
[Black "Nothnagel, Marian Can"]
[Result "1/2-1/2"]
[WhiteElo "2224"]
[BlackElo "2369"]
[PlyCount "46"]
[EventDate "2019.??.??"]

1. d4 Nf6 2. c4 g6 3. g3 Bg7 4. Bg2 O-O 5. Nc3 d6 6. Nf3 Nc6 7. O-O a6 8. b3 e5
9. dxe5 dxe5 10. Bg5 Be6 11. Nd2 h6 12. Be3 Qc8 13. Nde4 Nxe4 14. Nxe4 Bh3 15.
Qc2 Bxg2 16. Kxg2 Qf5 17. Rad1 Rad8 18. Qb1 Nd4 19. Nc5 Qc8 20. Qe4 b6 21. Bxd4
exd4 22. Nd3 Rfe8 23. Qf3 Qe6 1/2-1/2

[Event "OLOB 1920 SV Griesheim - SK 1980 Gernsh"]
[Site "?"]
[Date "2019.12.07"]
[Round "4.4"]
[White "Grabarczyk, Miroslaw"]
[Black "Mueller, Maximilian"]
[Result "1/2-1/2"]
[WhiteElo "2369"]
[BlackElo "2309"]
[PlyCount "35"]
[EventDate "2019.??.??"]

1. d4 d5 2. Nf3 Nf6 3. g3 e6 4. Bg2 b5 5. O-O Be7 6. Bg5 O-O 7. Nbd2 Nbd7 8. c3
Rb8 9. b4 a5 10. a3 a4 11. Bxf6 Bxf6 12. e4 dxe4 13. Nxe4 Bb7 14. Qe2 Bxe4 15.
Qxe4 g6 16. Ne5 Bxe5 17. dxe5 c5 18. f4 1/2-1/2

[Event "OLOB 1920 SV Griesheim - SK 1980 Gernsh"]
[Site "?"]
[Date "2019.12.07"]
[Round "4.5"]
[White "Schupp, Uwe"]
[Black "De Visser, Leon"]
[Result "1/2-1/2"]
[WhiteElo "2098"]
[BlackElo "2211"]
[PlyCount "140"]
[EventDate "2019.??.??"]

1. Nf3 d5 2. g3 c6 3. Bg2 Bg4 4. c4 e6 5. cxd5 Bxf3 6. Bxf3 cxd5 7. Nc3 Nc6 8.
O-O Nf6 9. d3 Be7 10. Qa4 O-O 11. Bf4 a6 12. Rfc1 b5 13. Qd1 Rc8 14. a3 Qb6 15.
b4 Rfd8 16. Rab1 e5 17. Bg5 e4 18. Bxf6 Bxf6 19. Bg4 Rc7 20. dxe4 Bxc3 21. Rxc3
Ne5 22. Rxc7 Qxc7 23. Rc1 Qe7 24. e3 h5 25. Bh3 dxe4 26. Qxd8+ Qxd8 27. Rc8 Qf8
28. Rxf8+ Kxf8 29. Bf5 Nf3+ 30. Kf1 g6 31. Bc8 Nd2+ 32. Ke2 Nb1 33. Bxa6 Ke7
34. Bb7 Kd6 35. Bxe4 Nxa3 36. Kd2 Nc4+ 37. Kc3 Ne5 38. Bd3 Kc6 39. Be2 f6 40.
Kd4 Nd7 41. e4 Nf8 42. f4 Ne6+ 43. Ke3 Ng7 44. Bd3 g5 45. e5 gxf4+ 46. Kxf4
fxe5+ 47. Kxe5 Ne8 48. Be2 Nc7 49. Bxh5 Na6 50. Be8+ Kc7 51. Bxb5 Nxb4 52. Ke6
Nc2 53. Ke7 Ne3 54. Bd3 Kc6 55. h4 Kd5 56. Kf6 Ng4+ 57. Kg5 Ne5 58. Bg6 Ke6 59.
h5 Nf3+ 60. Kf4 Nd4 61. Bd3 Kf6 62. Bc4 Kg7 63. g4 Kh6 64. Bd5 Ne2+ 65. Ke3 Ng3
66. Bf7 Kg5 67. Bg6 Nf1+ 68. Ke2 Nh2 69. Bf5 Nxg4 70. Bxg4 Kh6 1/2-1/2

[Event "OLOB 1920 SV Griesheim - SK 1980 Gernsh"]
[Site "?"]
[Date "2019.12.07"]
[Round "4.6"]
[White "Spitzl, Vinzent"]
[Black "Henrich, David"]
[Result "1-0"]
[WhiteElo "2334"]
[BlackElo "2152"]
[PlyCount "101"]
[EventDate "2019.??.??"]

1. Nf3 Nf6 2. b3 d6 3. d4 g6 4. Bb2 Bg7 5. g3 O-O 6. Bg2 Nc6 7. O-O e5 8. dxe5
Ng4 9. c4 Ngxe5 10. Qc1 Qe7 11. Nxe5 Nxe5 12. Nc3 c6 13. Rd1 f5 14. Qd2 Nf7 15.
Re1 Bh6 16. Qd4 Qe5 17. Rad1 Bg7 18. Qd2 Bh6 19. Qc2 Qe7 20. e3 Be6 21. Ne2 Bg7
22. Nd4 Rae8 23. f4 Qc7 24. b4 a6 25. a4 Bd7 26. Nb3 Bxb2 27. Qxb2 Be6 28. Qc3
Re7 29. Nd4 Bd7 30. Nc2 Rfe8 31. Rd2 Rd8 32. Red1 Be6 33. Kf2 Bc8 34. Bf3 Be6
35. h3 b5 36. cxb5 cxb5 37. Qxc7 Rxc7 38. Nd4 Bd7 39. axb5 axb5 40. Bd5 Re8 41.
Bxf7+ Kxf7 42. Nf3 Rc3 43. Rxd6 Bc8 44. Ne5+ Kg7 45. R6d3 Rc2+ 46. R1d2 Rc1 47.
Rd5 Rh1 48. Nf3 Rxh3 49. Rd8 Rxd8 50. Rxd8 Be6 51. Ng5 1-0

[Event "OLOB 1920 SV Griesheim - SK 1980 Gernsh"]
[Site "?"]
[Date "2019.12.07"]
[Round "4.7"]
[White "Rosenberger, Frank"]
[Black "Diaz, Joaquin"]
[Result "0-1"]
[WhiteElo "2022"]
[BlackElo "2147"]
[PlyCount "98"]
[EventDate "2019.??.??"]

1. e4 Nf6 2. e5 Nd5 3. Nc3 Nxc3 4. bxc3 d5 5. Ba3 Nd7 6. d4 c5 7. e6 fxe6 8.
dxc5 Qa5 9. Bb2 Nxc5 10. a4 Nxa4 11. Qd4 Bd7 12. Be2 Qb6 13. Rxa4 Qxb2 14. Rb4
Qc1+ 15. Bd1 b5 16. Ne2 Qg5 17. O-O a5 18. Rb1 Qf6 19. Qc5 Rc8 20. Qa3 e5 21.
Qxa5 e6 22. Qa6 Bc5 23. Qb7 Rf8 24. Rxb5 Bxf2+ 25. Kh1 Qd8 26. Rb1 Qc7 27. Qb4
Qc4 28. Qd6 Rf5 29. Rb7 Qc6 30. Qxc6 Rxc6 31. g4 Rf6 32. Kg2 Bh4 33. Rb3 Rc4
34. h3 Ke7 35. Rf3 Bc6 36. Rxf6 gxf6 37. Kh2 f5 38. gxf5 exf5 39. Rb8 h6 40.
Rh8 Bg5 41. Rh7+ Kf6 42. Rh8 Kg7 43. Rc8 f4 44. Nc1 e4 45. Na2 f3 46. Kg3 Bf6
47. Nb4 Bb7 48. Rxc4 Be5+ 49. Kf2 dxc4 0-1